Kommunen im Kreis Neuburg-Schrobenhausen - Wappen zu Karte - Statistiken

Allgemein
  • Dieses Quiz wurde 20 mal gespielt
  • Das Durchschnittsergebnis liegt bei 7 aus 18
Antworten auf der Karte
Die Antworten werden auf der Karte rot bzw. grün angezeigt, abhängig davon wie oft sie richtig erraten wurden.
 
Antwortstatistiken
Antwort % Korrekt
75%
50%
50%
50%
50%
50%
50%
25%
25%
25%
25%
25%
25%
25%
25%
25%
25%
25%
Keine übereinstimmenden Quizze gefunden
Verteilung der Resultate
Anzahl Personen mit jedem Resultat
Perzentil nach korrekt beantworteten Fragen
Ihre Resultats-Entwicklung
Sie haben dieses Quiz noch nicht gespielt